000 00612nab a2200181 4500
001 244442
003 OSt
005 20241121091715.0
007 tu
008 200917s2020|||||||
040 _aDE-2950
_cDE-2950
245 0 0 _aFrankfurt kann WM
_bTanzen. In der Messehalle fand die Weltmeisterschaft im Discofox statt. Hunderte Besucher waren begeistert. Auch der OB sah "fast unvorstellbare Dinge"/
_cRené Matschkowiak
264 _c2024
653 _aFrankfurt (Oder)
653 _aWM Discofox
773 0 _g35. Jahrgang (2024) Nr. 264 vom 12.11.2024, S. 15 mit Foto
_tMärkische Oderzeitung
942 _2z
_cA
999 _c373463
_d373463